Relatos escalofriantes de Roald Dahl / (Registro nro. 11186)

Detalles MARC
000 -CABECERA
campo de control de longitud fija 01354nam a2200385 b 4500
001 - NÚMERO DE CONTROL
campo de control 0000611
003 - IDENTIFICADOR DEL NÚMERO DE CONTROL
campo de control DO-SdBPM
005 - FECHA Y HORA DE LA ÚLTIMA TRANSACCIÓN
campo de control 20250801100950.0
007 - CAMPO FIJO DE DESCRIPCIÓN FÍSICA--INFORMACIÓN GENERAL
campo de control de longitud fija 0000611
008 - DATOS DE LONGITUD FIJA--INFORMACIÓN GENERAL
campo de control de longitud fija 0506172005 mx spa
017 ## - NÚMERO DE COPYRIGHT O DE DEPÓSITO LEGAL
Número de copyright o de depósito legal
Agencia que asigna
020 ## - NÚMERO INTERNACIONAL ESTÁNDAR DEL LIBRO
Número Internacional Estándar del Libro 9681911989
035 ## - NÚMERO DE CONTROL DEL SISTEMA
Número de control de sistema
040 ## - FUENTE DE LA CATALOGACIÓN
Centro catalogador/agencia de origen DO-SdBPM
Lengua de catalogación spa
Centro/agencia transcriptor BPMSU
Normas de descripción rda
Enlace
082 #4 - NÚMERO DE LA CLASIFICACIÓN DECIMAL DEWEY
Número de clasificación 823.91
Número de documento/Ítem D131r 2005
Número de edición 22
100 1# - ENTRADA PRINCIPAL--NOMBRE DE PERSONA
Nombre de persona Dahl, Roald
Fechas asociadas al nombre 1916-1990
Término indicativo de función/relación autor
245 10 - MENCIÓN DE TÍTULO
Título Relatos escalofriantes de Roald Dahl /
Mención de responsabilidad, etc. Roald Dahl ; traducción de Flora Casas ... [et al.].
Medio
260 ## - PUBLICACIÓN, DISTRIBUCIÓN, ETC.
Nombre del editor, distribuidor, etc.
Fecha de publicación, distribución, etc.
264 ## - PRODUCCIÓN, PUBLICACIÓN, DISTRIBUCIÓN, FABRICACIÓN Y COPYRIGHT
Producción, publicación, distribución, fabricación y copyright México :
Nombre del de productor, editor, distribuidor, fabricante Santillana ediciones generales,
Fecha de producción, publicación, distribución, fabricación o copyright 2005.
300 ## - DESCRIPCIÓN FÍSICA
Extensión 217 páginas :
Dimensiones 22 cm
336 ## - TIPO DE CONTENIDO
Término de tipo de contenido text
Código de tipo de contenido txt
Fuente rdacontent
337 ## - TIPO DE MEDIO
Nombre/término del tipo de medio sin mediación
Código del tipo de medio n
Fuente rda
338 ## - TIPO DE SOPORTE
Nombre/término del tipo de soporte volumen
Código del tipo de soporte nc
Fuente rdacarrier
490 0# - MENCIÓN DE SERIE
Mención de serie Serie Roja
500 ## - NOTA GENERAL
Nota general Incluye datos biográficos del autor.
500 ## - NOTA GENERAL
Nota general
505 0# - NOTA DE CONTENIDO CON FORMATO
Nota de contenido con formato Tatuaje ; Cordero asado ; La máquina del sonido ; Un cuento africano ; Galloping foxley ; El deseo ; El cirujano ; Apuestas ; El campeón del mundo ; Cuidado con el perro ; Mi querida esposa.
534 ## - NOTA SOBRE LA VERSIÓN ORIGINAL
Frase introductoria Título original. :
Mención de título del original Skin an other stories.
590 ## - NOTA LOCAL (RLIN)
Nota local Inventariado, 2025/VM
650 #7 - PUNTO DE ACCESO ADICIONAL DE MATERIA--TÉRMINO DE MATERIA
Término de materia o nombre geográfico como elemento de entrada Cuentos juveniles ingleses.
650 #7 - PUNTO DE ACCESO ADICIONAL DE MATERIA--TÉRMINO DE MATERIA
Término de materia o nombre geográfico como elemento de entrada Cuentos de terror
700 1# - PUNTO DE ACCESO ADICIONAL--NOMBRE DE PERSONA
Nombre de persona Casas, Flora
Término indicativo de función/relación traductora
910 ## - DATOS DE OPCIÓN DEL USUARIO (OCLC)
Datos de opción del usuario VMateo V. Control de calidad. BPMSU
942 ## - ELEMENTOS DE PUNTO DE ACCESO ADICIONAL (KOHA)
Fuente del sistema de clasificación o colocación Dewey Decimal Classification
Tipo de ítem Koha Libros
Existencias
Estado de retiro Estado de pérdida Fuente del sistema de clasificación o colocación No para préstamo Código de colección Localización permanente Ubicación/localización actual Fecha de adquisición Fuente de adquisición Total de préstamos Signatura topográfica completa Código de barras Fecha visto por última vez Precio válido a partir de Tipo de ítem Koha Número de copia
    Dewey Decimal Classification   Colección Juvenil General Biblioteca Pública Metropolitana Salomé Ureña Biblioteca Pública Metropolitana Salomé Ureña 08/26/2016 ALFAGUARA   BPMSU CJG 823.91 D131r 2005 BPMSU16080225 08/26/2016 08/26/2016 Libros  
    Dewey Decimal Classification   Colección Juvenil General Biblioteca Pública Metropolitana Salomé Ureña Biblioteca Pública Metropolitana Salomé Ureña 08/26/2016 ALFAGUARA   BPMSU CJG 823.91 D131r 2005 BPMSU16080226 08/26/2016 08/26/2016 Libros e.2
    Dewey Decimal Classification   Colección Juvenil General Biblioteca Pública Metropolitana Salomé Ureña Biblioteca Pública Metropolitana Salomé Ureña 02/01/2018 ALFAGUARA   BPMSU CJG 823.91 D131r 2005 BPMSU18020015 02/01/2018 02/01/2018 Libros e.3